000 01515cam a2200133 4500500
005 20260329023239.0
041 _afre
042 _adc
100 1 0 _aLeduc, Jean
_eauthor
245 0 0 _aErnest Lavisse : L'histoire au coeur
260 _bArmand Colin,
_c2016.
520 _aErnest Lavisse (1842-1922) est passé à la postérité grâce à ses nombreux manuels scolaires d’histoire, et surtout au fameux « Petit Lavisse » qui a accompagné des générations d’écoliers français. Mais qui était celui qu’on nomma l’« Instituteur national », qui consacra son existence tout entière à promouvoir l’enseignement historique et à construire un glorieux « roman national » ? Homme d’influence mais non engagé, professeur admiré mais figure discrète, l’ouvrage montre toutes les nuances, voire les ambiguïtés, du grand historien. L’étude minutieuse de son enseignement en Sorbonne, de ses publications et de ses nombreuses interventions dans la presse, comme de son rôle dans diverses institutions et associations, met en lumière une œuvre fondamentale, encore méconnue. Ainsi découvre-t-on les combats d’Ernest Lavisse pour réformer l'enseignement supérieur, moderniser l'enseignement secondaire, mettre en œuvre une formation à la fois scientifique et professionnelle des professeurs et organiser le monde étudiant. Des dossiers toujours d'actualité...
856 4 1 _uhttps://shs.cairn.info/ernest-lavisse--9782200614843?lang=fr&redirect-ssocas=7080
999 _c1925767
_d1925767